| 000 | 00726nam a2200229 a 4500 | ||
|---|---|---|---|
| 001 | 8549 | ||
| 003 | BD-RjUL | ||
| 005 | 20211208234617.0 | ||
| 008 | 140118s1952 enkaf 001 0 eng d | ||
| 035 | _a(BD-RjUL)8594 | ||
| 040 |
_aVMOU _beng _cVMOU _dBD-RjUL |
||
| 041 | _aeng | ||
| 082 | 0 | 0 |
_a526.98 _219 _bSYM 1952 |
| 100 | 1 |
_aSylvester, Dorothy, _d1906- _926619 |
|
| 245 | 1 | 0 |
_aMap and landscape / _cby Dorothy Sylvester. |
| 260 |
_aLondon : _bPhilip and Son, _c1952. |
||
| 300 |
_axvi, 287 p., [8] p. of plates : _bill., maps ; _c23 cm. |
||
| 500 | _aIncludes index. | ||
| 650 | 0 |
_aPhysical geography _xExaminations, questions, etc. _926620 |
|
| 650 | 0 |
_aPhysical geography _xProblems, exercises, etc. _926621 |
|
| 942 |
_2ddc _cBK |
||
| 999 |
_c8549 _d8549 |
||